000 00640nam a22002657a 4500
001 BR9903051
003 BR-BrBNA
005 20230928100431.0
007 ta
008 230509b bl.||||| |||| 00| 0 por d
040 _aBR-BrBNA
_bpor
_cBiblioteca Nacional de Agricultura
041 _a(Por)
072 _aF40
090 _ F40 BR9903051
100 1 _aBarros, A.
245 1 _aBotanica
250 1 _a8. ed.
260 3 _aSao Paulo, SP (Brasil):
_bLivraria Nobel S.A.,
_c[nd].
300 _a272 p.
500 _a169 illus.
650 _aBiologia
650 _aBotanica
909 _a202309
_bLucia
_c55
_dLucia Elande
942 _cBK
999 _c61308
_d61308